LEADER 00852nam0-22002891i-450 001 990001716130403321 005 20170518112948.0 035 $a000171613 035 $aFED01000171613 035 $a(Aleph)000171613FED01 035 $a000171613 100 $a20030910d1890----km-y0itay50------ba 101 0 $aita 200 1 $aTraite de la distillation des produits agricoles et industriels$fJ. Fritsch, E. Guillemin. 210 $aParis$cMasson$d1890 215 $a475 p.$cill.$d25 cm 610 0 $aDistillazione 676 $a663.16 700 1$aFritsch,$bJ.$0331156 702 1$aGuillemin,$bE. 801 0$aIT$bUNINA$gRICA$2UNIMARC 901 $aBK 912 $a990001716130403321 952 $a60 660.284 B 2$b3390$fFAGBC 959 $aFAGBC 996 $aTraite' de la distillation des produits agricoles et industriels$9129534 997 $aUNINA LEADER 01075nam--2200361---450- 001 990002714410203316 005 20091112124959.0 010 $a0-7506-5908 035 $a000271441 035 $aUSA01000271441 035 $a(ALEPH)000271441USA01 035 $a000271441 100 $a20060224d2004----km-y0itay0103----ba 101 $aeng 102 $aGB 105 $a||||||||001yy 200 1 $aFinance of international trade$fEric Bishop 210 $aAmsterdam [etc.]$cElsevier$d2004 215 $aXII, 207 p.$d24 cm 225 2 $aEssential capital markets 410 0$12001$aEssential capital markets 606 0 $aCommercio internazionale 676 $a382.068 700 1$aBISHOP,$bEric$0592646 801 0$aIT$bsalbc$gISBD 912 $a990002714410203316 951 $aXXIII.1.N. 379 (IG VIII 24 ING 681)$b48531 G.$cXXIII.1.N. 379 (IG VIII)$d00180940 959 $aBK 969 $aGIU 979 $aRENATO$b90$c20060224$lUSA01$h1054 979 $aRSIAV2$b90$c20091112$lUSA01$h1249 996 $aFinance of international trade$9999879 997 $aUNISA